Collingwood Magpies Best and Fairest Winners - Statistics

General Stats
  • This quiz has been taken 123 times
    86 since last reset
  • The average score is 37 of 95
Answer Stats
Hint Answer % Correct
1982 Peter Daicos
98%
1988 Peter Daicos
98%
2011 Scott Pendlebury
98%
2013 Scott Pendlebury
98%
2014 Scott Pendlebury
98%
2015 Scott Pendlebury
98%
2016 Scott Pendlebury
98%
1994 Nathan Buckley
93%
1996 Nathan Buckley
93%
1998 Nathan Buckley
93%
1999 Nathan Buckley
93%
2000 Nathan Buckley
93%
2003 Nathan Buckley
93%
2017 Steele Sidebottom
93%
2018 Steele Sidebottom
93%
1979 Peter Moore
83%
1980 Peter Moore
83%
2021 Jack Crisp
78%
2022 Jack Crisp
78%
2008 Dane Swan
73%
2009 Dane Swan
73%
2010 Dane Swan
73%
2018 Brodie Grundy
70%
2019 Brodie Grundy
70%
1978 Ray Shaw
60%
1984 Tony Shaw
60%
1990 Tony Shaw
60%
1933 Gordon Coventry
55%
1927 Syd Coventry
55%
1932 Syd Coventry
55%
2020 Taylor Adams
53%
2006 Alan Didak
48%
1989 Gavin Brown
48%
1994 Gavin Brown
48%
1997 Gavin Brown
48%
2007 Travis Cloke
48%
1995 Saverio Rocca
45%
2012 Dayne Beams
43%
2001 Paul Licuria
33%
2002 Paul Licuria
33%
1929 Albert Collier
30%
1934 Albert Collier
30%
1935 Albert Collier
30%
1928 Harry Collier
30%
1930 Harry Collier
30%
1967 Len Thompson
30%
1968 Len Thompson
30%
1972 Len Thompson
30%
1973 Len Thompson
30%
1977 Len Thompson
30%
1949 Bob Rose
28%
1951 Bob Rose
28%
1952 Bob Rose
28%
1953 Bob Rose
28%
2004 James Clement
23%
2005 James Clement
23%
1970 Peter McKenna
23%
1987 Darren Millane
20%
1937 Des Fothergill
20%
1938 Des Fothergill
20%
1940 Des Fothergill
20%
1939 Marcus Whelan
18%
1981 Mark Williams
18%
1985 Mark Williams
18%
1957 Murray Weideman
18%
1961 Murray Weideman
18%
1962 Murray Weideman
18%
1963 Des Tuddenham
15%
1971 Wayne Richardson
15%
1974 Wayne Richardson
15%
1992 Mick McGuane
13%
1993 Mick McGuane
13%
1946 Phonse Kyne
13%
1947 Phonse Kyne
13%
1948 Phonse Kyne
13%
1975 Phil Carman
10%
1960 Ray Gabelich
10%
1942 Alby Pannam
8%
1958 Thorold Merrett
8%
1959 Thorold Merrett
8%
1956 Bill Twomey
5%
1983 Billy Picken
5%
1931 Harold Rumney
5%
1936 Jack Regan
5%
1966 Terry Waters
5%
1991 Tony Francis
5%
1986 Wes Fellowes
5%
1969 Barry Price
3%
1941 Jack Murphy
3%
1954 Neil Mann
3%
1976 Robert Hyde
3%
1950 Charlie Utting
0%
1955 Des Healey
0%
1964 Ian Graham
0%
1965 Trevor Steer
0%
No matching quizzes found
Score Distribution
Percent of People with Each Score
Percentile by Number Answered
Your Score History
You have not taken this quiz since the last reset